000
00201 a2200097 4500
001
1119
100
_a
Liwsehitz,M.
245
_a
Direct current machines
260
_a
_b
Nostrand
_c
090
_c
682
_d
682
942
_a
NUST-CAE
_c
M
_c
33400
999
_c
236192
_d
236192